[Event "HUN Team League Csongrad Region 2018-19 "]
[Site "Csongrád County"]
[Date "2019.03.17"]
[Round "8.1"]
[White "Diamant, Tibor"]
[Black "Varga, Gabor"]
[Result "1/2-1/2"]
[WhiteElo "1980"]
[BlackElo "1824"]
[PlyCount "63"]
[EventDate "2018.09.30"]
[WhiteTeam "Makói SVSE III."]
[BlackTeam "Meritum SE III."]

1. e4 c5 2. Nf3 e6 3. d4 cxd4 4. Nxd4 a6 5. Bd3 Qc7 6. Qe2 Nf6 7. e5 Nd5 8. a3
d6 9. exd6 Bxd6 10. g3 Nd7 11. O-O b6 12. c4 Ne7 13. Bg5 Nc5 14. Nd2 f6 15. Be3
Bb7 16. b4 Nxd3 17. Qxd3 Kf7 18. Rac1 Rad8 19. Qc2 h5 20. Ne4 h4 21. c5 hxg3
22. Nxd6+ Rxd6 23. fxg3 Rd5 24. c6 Ba8 25. Qe4 Qd6 26. Rc2 Rd8 27. Rcf2 Rxd4
28. Rxf6+ gxf6 29. Qh7+ Ke8 30. Qh8+ Ng8 31. Qxg8+ Ke7 32. Qg7+ 1/2-1/2

[Event "HUN Team League Csongrad Region 2018-19 "]
[Site "Csongrád County"]
[Date "2019.03.17"]
[Round "8.1"]
[White "Kurucz, Gergely"]
[Black "Balassy, Gabor"]
[Result "0-1"]
[WhiteElo "1600"]
[BlackElo "1832"]
[PlyCount "72"]
[EventDate "2018.09.30"]
[WhiteTeam "Meritum SE III."]
[BlackTeam "Makói SVSE III."]

1. e4 c6 2. g3 d5 3. Bg2 dxe4 4. Bxe4 Nf6 5. Bg2 e5 6. Ne2 Bc5 7. O-O O-O 8. d3
Re8 9. Nbc3 Nbd7 10. Be3 Bf8 11. Ne4 Nxe4 12. Bxe4 Nc5 13. Nc3 Nxe4 14. Nxe4
Bh3 15. Re1 f6 16. Qh5 Be6 17. Rad1 Qc8 18. Rd2 Bg4 19. Qh4 g5 20. Nxf6+ Kf7
21. Qxg4 Kxf6 22. Qxg5+ Kf7 23. Qh5+ Kg8 24. Bh6 Bxh6 25. Qxh6 Qf5 26. h4 Re6
27. Qg5+ Qxg5 28. hxg5 Kf7 29. Rde2 Rae8 30. f4 exf4 31. Rxe6 Rxe6 32. Rxe6
Kxe6 33. gxf4 Kf5 34. Kf2 Kxf4 35. c4 Kxg5 36. d4 Kf4 0-1

[Event "HUN Team League Csongrad Region 2018-19 "]
[Site "Csongrád County"]
[Date "2019.03.17"]
[Round "8.1"]
[White "Csibor, Andras"]
[Black "Tamas, Attila"]
[Result "1-0"]
[WhiteElo "1791"]
[BlackElo "1316"]
[PlyCount "49"]
[EventDate "2018.09.30"]
[WhiteTeam "Makói SVSE III."]
[BlackTeam "Meritum SE III."]

1. d4 e6 2. e4 g6 3. c4 Bg7 4. Nc3 c6 5. Nf3 Ne7 6. Bd3 O-O 7. Be3 d5 8. cxd5
cxd5 9. e5 Nbc6 10. a3 Qb6 11. Rb1 Nf5 12. Bxf5 gxf5 13. O-O f6 14. exf6 Rxf6
15. Ne5 f4 16. Nxc6 bxc6 17. Bc1 Rf7 18. Ne2 Ba6 19. Re1 Re8 20. Nxf4 Bxd4 21.
Nxe6 Bxf2+ 22. Kh1 Bxe1 23. Qg4+ Kh8 24. Bf4 Bh4 25. Be5+ 1-0

[Event "HUN Team League Csongrad Region 2018-19 "]
[Site "Csongrád County"]
[Date "2019.03.17"]
[Round "8.2"]
[White "Adok, Janos"]
[Black "Csikos, Mihaly"]
[Result "1-0"]
[WhiteElo "2213"]
[BlackElo "2037"]
[PlyCount "99"]
[EventDate "2018.09.30"]
[WhiteTeam "Vásárhelyi Pákozdy FSSE"]
[BlackTeam "Meritum SE II."]

1. c4 c5 2. Nf3 Nc6 3. d4 cxd4 4. Nxd4 g6 5. e4 Bg7 6. Be3 Nf6 7. Nc3 O-O 8.
Be2 a6 9. O-O e6 10. Nb3 b6 11. f3 Qc7 12. Rc1 Rd8 13. Qd2 Ne7 14. Rfd1 Ne8 15.
Na4 Rb8 16. c5 b5 17. Nb6 f5 18. Nd4 Bb7 19. Bg5 Bf6 20. exf5 gxf5 21. a4 bxa4
22. Bxf6 Nxf6 23. Nxa4 Kf7 24. Bc4 Rg8 25. Nb6 Nfd5 26. Bxd5 Nxd5 27. Nxd5 Bxd5
28. Nxf5 Rg6 29. Nd6+ Kg8 30. Rc3 Qc6 31. Rf1 Qa4 32. Rf2 Qa1+ 33. Rc1 Qa4 34.
g3 Rb3 35. Rc3 Rb8 36. Qe2 Rf8 37. Ne4 Qd4 38. Qd2 Qa4 39. Ra3 Qc6 40. Qd4 Bxe4
41. fxe4 Rb8 42. Raf3 Rg7 43. b4 Rg4 44. Rf4 Rg6 45. Rf7 Rd8 46. Re7 Qc7 47.
Rff7 e5 48. Qc4 d5 49. exd5 Qc8 50. d6 1-0

[Event "HUN Team League Csongrad Region 2018-19 "]
[Site "Csongrád County"]
[Date "2019.03.17"]
[Round "8.2"]
[White "Palotai, Bendeguz"]
[Black "Borsi, Imre"]
[Result "1-0"]
[WhiteElo "1979"]
[BlackElo "1989"]
[PlyCount "75"]
[EventDate "2018.09.30"]
[WhiteTeam "Meritum SE II."]
[BlackTeam "Vásárhelyi Pákozdy FSSE"]

1. d4 Nf6 2. Bf4 d5 3. e3 Bf5 4. c4 c6 5. Nc3 e6 6. Qb3 b6 7. Nf3 Bd6 8. Bg3
O-O 9. Be2 Ne4 10. Nxe4 Bxe4 11. O-O Bxg3 12. hxg3 Nd7 13. Nd2 Bg6 14. Rac1
dxc4 15. Nxc4 Qe7 16. Bf3 Rac8 17. Na3 c5 18. Qa4 a5 19. Bc6 Nb8 20. Bb5 e5 21.
d5 Rcd8 22. Rcd1 f6 23. Rd2 Be8 24. d6 Qa7 25. Bc4+ Kh8 26. Nb5 Qd7 27. Qd1 Nc6
28. Qf3 f5 29. Nc7 Bf7 30. Bb5 e4 31. Qd1 Rc8 32. Qc2 Rfd8 33. g4 g6 34. Rdd1
Kg8 35. Qa4 Be8 36. Bc4+ Kh8 37. Be6 Qg7 38. Bxc8 1-0

[Event "HUN Team League Csongrad Region 2018-19 "]
[Site "Csongrád County"]
[Date "2019.03.17"]
[Round "8.2"]
[White "Baranyi, Erno"]
[Black "Fabian, Istvan"]
[Result "1-0"]
[WhiteElo "2120"]
[BlackElo "1750"]
[PlyCount "127"]
[EventDate "2018.09.30"]
[WhiteTeam "Vásárhelyi Pákozdy FSSE"]
[BlackTeam "Meritum SE II."]

1. d4 Nf6 2. c4 e6 3. Nc3 d5 4. Bg5 Be7 5. e3 O-O 6. Nf3 Nbd7 7. cxd5 Nxd5 8.
Bxe7 Qxe7 9. Be2 Nxc3 10. bxc3 e5 11. O-O exd4 12. cxd4 Nf6 13. Qc2 Be6 14.
Rfc1 c6 15. a4 Bd5 16. Ne5 Rfe8 17. Bc4 Bxc4 18. Qxc4 Nd7 19. Nd3 Qe4 20. Rab1
Rab8 21. a5 Re6 22. Nc5 Nxc5 23. dxc5 Qxc4 24. Rxc4 a6 25. g4 Re5 26. e4 h5 27.
h3 hxg4 28. hxg4 Rd8 29. Rxb7 Rd1+ 30. Kg2 Ra1 31. Rb6 Rxa5 32. Rxc6 g5 33. Kf3
Rb5 34. Ke3 a5 35. Kd4 Re8 36. Rb6 Rd8+ 37. Ke5 Rxb6 38. cxb6 Rb8 39. Rc6 a4
40. Kd6 a3 41. Kc7 a2 42. Rc1 Ra8 43. Ra1 Ra3 44. b7 Rc3+ 45. Kb8 Ra3 46. Kc7
Rc3+ 47. Kd6 Rb3 48. Rxa2 Rxb7 49. Ra5 f6 50. Rf5 Rb6+ 51. Kc5 Re6 52. e5 fxe5
53. Rxg5+ Kf7 54. Kd5 Rf6 55. Rf5 Rxf5 56. gxf5 e4 57. Kxe4 Kf6 58. Kf4 Kf7 59.
Ke5 Ke7 60. f6+ Kf7 61. Kf5 Kf8 62. Ke6 Ke8 63. f7+ Kf8 64. f3 1-0

[Event "HUN Team League Csongrad Region 2018-19 "]
[Site "Csongrád County"]
[Date "2019.03.17"]
[Round "8.2"]
[White "Filep, Miklos Sr."]
[Black "Abraham, Zoltan"]
[Result "0-1"]
[WhiteElo "1526"]
[BlackElo "1808"]
[PlyCount "112"]
[EventDate "2018.09.30"]
[WhiteTeam "Meritum SE II."]
[BlackTeam "Vásárhelyi Pákozdy FSSE"]

1. f4 d5 2. b3 Nf6 3. Bb2 Nc6 4. Nf3 g6 5. e3 Bg7 6. Bb5 Bd7 7. O-O O-O 8. Bxc6
Bxc6 9. Ne5 Bb5 10. d3 c5 11. Nc3 Be8 12. Ne2 Rc8 13. Qd2 b5 14. Rab1 h6 15.
Ng3 Nh7 16. Rf2 f6 17. Nf3 Bf7 18. h4 Qd7 19. Nh2 Rfd8 20. Qa5 Qb7 21. Nf3 Rd6
22. Qe1 b4 23. a4 Nf8 24. Nd2 Qd7 25. Qe2 Be6 26. e4 Bg4 27. Qe1 e6 28. e5 fxe5
29. Bxe5 Rdc6 30. Bxg7 Qxg7 31. Qe5 Qe7 32. Nf3 Nd7 33. Qe1 Rf8 34. Ne5 Nxe5
35. Qxe5 Qxh4 36. f5 gxf5 37. Rbf1 Qf6 38. Qe1 a5 39. Rf4 Qg7 40. Nh1 Bh3 41.
Qf2 Bg4 42. Qd2 e5 43. R4f2 h5 44. Ng3 f4 45. Ne2 h4 46. Kh2 Rg6 47. Ng1 Be6
48. Nf3 Rh6 49. Re1 h3 50. Kg1 Rf5 51. Qe2 Rhh5 52. d4 e4 53. dxc5 e3 54. Rff1
hxg2 55. Qxg2 Rhg5 56. Nxg5 Rxg5 0-1

[Event "HUN Team League Csongrad Region 2018-19 "]
[Site "Csongrád County"]
[Date "2019.03.17"]
[Round "8.2"]
[White "Buzas, Andras"]
[Black "Kantor, Robert"]
[Result "0-1"]
[WhiteElo "1725"]
[BlackElo "1421"]
[PlyCount "66"]
[EventDate "2018.09.30"]
[WhiteTeam "Vásárhelyi Pákozdy FSSE"]
[BlackTeam "Meritum SE II."]

1. Nf3 Nf6 2. b3 c5 3. Bb2 Nc6 4. Bxf6 exf6 5. d3 d5 6. Nbd2 Bd6 7. g3 Bg4 8.
Bg2 Qd7 9. h3 Be6 10. c4 d4 11. Ne4 O-O 12. Nxd6 Qxd6 13. O-O Rfe8 14. Qd2 Rac8
15. Kh2 Bf5 16. Nh4 Bd7 17. f4 Re3 18. Be4 Qe6 19. f5 Qe5 20. Qe1 Nb4 21. Qf2
Bc6 22. Ng2 Rxe4 23. dxe4 Qxe4 24. a3 Nc2 25. Ra2 Ne3 26. Rg1 Nxf5 27. Qf4 Qe6
28. g4 Nd6 29. Rd2 g5 30. Qf1 Qe5+ 31. Kh1 Ne4 32. Rd3 Ng3+ 33. Rxg3 Qxg3 0-1

[Event "HUN Team League Csongrad Region 2018-19 "]
[Site "Csongrád County"]
[Date "2019.03.17"]
[Round "8.2"]
[White "Kantor, Robert Jr."]
[Black "Bene, Zoltan"]
[Result "0-1"]
[WhiteElo "1169"]
[BlackElo "1671"]
[PlyCount "58"]
[EventDate "2018.09.30"]
[WhiteTeam "Meritum SE II."]
[BlackTeam "Vásárhelyi Pákozdy FSSE"]

1. e4 c5 2. Nf3 d6 3. d3 Nc6 4. Nc3 g6 5. Be3 Bg7 6. d4 cxd4 7. Nxd4 Bd7 8. Bc4
Nf6 9. O-O O-O 10. f4 Ng4 11. Nxc6 bxc6 12. Qd2 Nxe3 13. Qxe3 Qa5 14. Rab1 Rab8
15. a3 Rb7 16. Nd1 Rfb8 17. b4 Qh5 18. Be2 Qh4 19. g3 Qf6 20. g4 Qh4 21. g5 c5
22. c3 a5 23. Rf3 axb4 24. axb4 cxb4 25. f5 bxc3 26. Rxb7 Rxb7 27. Rh3 Qe1+ 28.
Kg2 c2 29. fxg6 Bxh3+ 0-1

[Event "HUN Team League Csongrad Region 2018-19 "]
[Site "Csongrád County"]
[Date "2019.03.17"]
[Round "8.3"]
[White "Balogh, Ferenc"]
[Black "Gyugyi, Peter"]
[Result "1/2-1/2"]
[WhiteElo "1928"]
[BlackElo "1962"]
[PlyCount "48"]
[EventDate "2018.09.30"]
[WhiteTeam "Maróczy Géza SE VI."]
[BlackTeam "Üllési ISE"]

1. Nf3 Nf6 2. g3 g6 3. c3 c5 4. d3 d5 5. Bg2 Nc6 6. Qc2 Bg7 7. O-O e5 8. e4 d4
9. Nbd2 O-O 10. Rd1 Bd7 11. h3 Rc8 12. Nc4 Qe7 13. a4 h6 14. a5 Ne8 15. Nh2 Nd6
16. Nxd6 Qxd6 17. f4 Kh7 18. c4 Qc7 19. Bd2 f5 20. Rf1 Rce8 21. a6 b6 22. exf5
gxf5 23. Rfe1 Qc8 24. Qd1 exf4 1/2-1/2

[Event "HUN Team League Csongrad Region 2018-19 "]
[Site "Csongrád County"]
[Date "2019.03.17"]
[Round "8.3"]
[White "Szekeres, Janos"]
[Black "Tornyai, Jeno"]
[Result "1/2-1/2"]
[WhiteElo "1927"]
[BlackElo "1914"]
[PlyCount "141"]
[EventDate "2018.09.30"]
[WhiteTeam "Üllési ISE"]
[BlackTeam "Maróczy Géza SE VI."]

1. c4 e6 2. Nc3 d5 3. d4 Nf6 4. Nf3 Nbd7 5. Bf4 dxc4 6. e4 Bb4 7. Bg5 h6 8.
Bxf6 Bxc3+ 9. bxc3 Nxf6 10. Nd2 b5 11. a4 c6 12. axb5 cxb5 13. Qb1 a6 14. Be2
O-O 15. O-O Qc7 16. f4 Bb7 17. g4 Nd7 18. Qc2 f6 19. f5 Rfe8 20. Rae1 Qb6 21.
Qb1 Qc7 22. Rf2 Rad8 23. Bf1 exf5 24. gxf5 Re7 25. Nf3 Rde8 26. Rfe2 Qf4 27.
Nd2 Nb6 28. Bg2 Na4 29. Qc2 Kh8 30. Rf2 Qd6 31. e5 Qa3 32. Nb1 Qb3 33. Bxb7
Qxc2 34. Rxc2 Rxb7 35. e6 Nb6 36. Nd2 Nd5 37. Ne4 Rb6 38. Nc5 g6 39. fxg6 Kg7
40. Re4 Re7 41. Kf2 a5 42. h4 h5 43. Ke1 a4 44. Kd2 Kxg6 45. Rb2 b4 46. Kc1
Nxc3 47. Re3 Nd5 48. Rg3+ Kh6 49. Rbg2 Nf4 50. Rf2 Nd5 51. Rfg2 a3 52. Rg6+ Kh7
53. Nd7 Rb8 54. Nxb8 Nf4 55. Nc6 Rxe6 56. Rg7+ Kh6 57. Nxb4 Nxg2 58. Rxg2 Re4
59. d5 c3 60. Na2 Rxh4 61. Nxc3 Rc4 62. Rc2 Kg7 63. Kb1 Kf7 64. Ka2 h4 65. Kxa3
h3 66. Kb3 Rh4 67. Rh2 f5 68. Kc2 Kf6 69. Kd3 Ke5 70. Ke3 Rc4 71. Kd2 1/2-1/2

[Event "HUN Team League Csongrad Region 2018-19 "]
[Site "Csongrád County"]
[Date "2019.03.17"]
[Round "8.3"]
[White "Jojart, Zsolt"]
[Black "Benke, Andras"]
[Result "1/2-1/2"]
[WhiteElo "1582"]
[BlackElo "1785"]
[PlyCount "81"]
[EventDate "2018.09.30"]
[WhiteTeam "Maróczy Géza SE VI."]
[BlackTeam "Üllési ISE"]

1. e4 c5 2. Nf3 d6 3. d4 cxd4 4. Nxd4 Nf6 5. Nc3 a6 6. Be2 e5 7. Nb3 Be7 8. O-O
O-O 9. a4 Be6 10. f4 Nbd7 11. Be3 exf4 12. Bxf4 Bxb3 13. cxb3 Qb6+ 14. Kh1 Nc5
15. Bg5 Qxb3 16. Qc1 Qe6 17. Qf4 Ncxe4 18. Nxe4 Nxe4 19. Bxe7 Qxe7 20. Bd3 d5
21. Rae1 Rae8 22. Rc1 Rc8 23. Rce1 f5 24. Bb1 g5 25. Qe3 f4 26. Qd4 Qc5 27.
Rxe4 dxe4 28. Ba2+ Rf7 29. Qxe4 Rcc7 30. g3 Kf8 31. Bxf7 Rxf7 32. Kg2 Qc6 33.
Qxc6 bxc6 34. gxf4 gxf4 35. Rc1 f3+ 36. Kf2 Rf6 37. Rc5 Rf4 38. b3 Rb4 39. Rc3
Ke7 40. Kxf3 Kd6 41. h3 1/2-1/2

[Event "HUN Team League Csongrad Region 2018-19 "]
[Site "Csongrád County"]
[Date "2019.03.17"]
[Round "8.3"]
[White "Molnar, Jeno"]
[Black "Lovaszi, Szabolcs"]
[Result "0-1"]
[WhiteElo "1606"]
[BlackElo "1492"]
[PlyCount "52"]
[EventDate "2018.09.30"]
[WhiteTeam "Üllési ISE"]
[BlackTeam "Maróczy Géza SE VI."]

1. e4 g6 2. d4 Bg7 3. Bc4 d6 4. Nf3 Nf6 5. Nc3 O-O 6. O-O Nc6 7. a3 e5 8. d5
Ne7 9. Be3 Nh5 10. Qd2 f5 11. Bg5 f4 12. Be2 h6 13. Bxe7 Qxe7 14. h3 a6 15. Nh2
Nf6 16. Qd1 h5 17. g4 hxg4 18. Nxg4 Kf7 19. Nxf6 Qxf6 20. Bg4 Qg5 21. Qf3 Rh8
22. Qg2 Bxg4 23. Qxg4 Qxg4+ 24. hxg4 f3 25. Nd1 Rh4 26. Ne3 Rah8 0-1

[Event "HUN Team League Csongrad Region 2018-19 "]
[Site "Csongrád County"]
[Date "2019.03.17"]
[Round "8.3"]
[White "Keller, Peter"]
[Black "Heintz, Sebestyen"]
[Result "0-1"]
[WhiteElo "1419"]
[BlackElo "1661"]
[PlyCount "102"]
[EventDate "2018.09.30"]
[WhiteTeam "Maróczy Géza SE VI."]
[BlackTeam "Üllési ISE"]

1. d4 d5 2. Nf3 Bf5 3. Bf4 e6 4. e3 Nf6 5. Bd3 Bxd3 6. Qxd3 c5 7. c3 c4 8. Qc2
b5 9. b3 Qb6 10. Nbd2 Nbd7 11. bxc4 bxc4 12. Rb1 Qc6 13. O-O Ba3 14. h3 O-O 15.
Rfe1 Nb6 16. e4 Qa4 17. Qd1 Qxd1 18. Rbxd1 Na4 19. Nb1 Bb2 20. exd5 Nxd5 21.
Bd2 h6 22. Ne5 Rfc8 23. Ng4 Rab8 24. Ne3 Ndxc3 25. Nxc3 Bxc3 26. Bxc3 Nxc3 27.
Rc1 Nxa2 28. Rxc4 Rxc4 29. Nxc4 Rb4 30. Ra1 Nc3 31. Ne3 Ne2+ 32. Kh2 Rxd4 33.
Rxa7 Rf4 34. f3 Rd4 35. Ra8+ Kh7 36. Ra2 Nc3 37. Rc2 Nd5 38. Ng4 h5 39. Nf2 Ne3
40. Re2 Nf1+ 41. Kg1 Ng3 42. Rb2 Rc4 43. Rb1 Rc2 44. Ne4 Nxe4 45. fxe4 Kg6 46.
Re1 Kg5 47. Re3 h4 48. Kf1 f6 49. g3 hxg3 50. Rxg3+ Kf4 51. Rxg7 Kf3 0-1

[Event "HUN Team League Csongrad Region 2018-19 "]
[Site "Csongrád County"]
[Date "2019.03.17"]
[Round "8.3"]
[White "Gabor, Geza"]
[Black "Elekes, Lajos"]
[Result "1-0"]
[WhiteElo "1557"]
[BlackElo "1354"]
[PlyCount "107"]
[EventDate "2018.09.30"]
[WhiteTeam "Üllési ISE"]
[BlackTeam "Maróczy Géza SE VI."]

1. e4 c5 2. d4 cxd4 3. Bc4 Qb6 4. Nf3 Nc6 5. O-O e5 6. c3 h6 7. a3 d6 8. b4 a6
9. Qb3 Nd8 10. Bb2 Be6 11. cxd4 Bxc4 12. Qxc4 Qc6 13. Qd3 Nf6 14. Re1 Qb5 15.
Qxb5+ axb5 16. dxe5 dxe5 17. Bxe5 Be7 18. Bxf6 Bxf6 19. e5 Be7 20. Nc3 O-O 21.
Nxb5 Ne6 22. Nc3 Rfc8 23. Nd5 Bd8 24. g3 Rc2 25. Kf1 Rac8 26. Re2 R2c4 27. Raa2
Rc1+ 28. Kg2 Rd1 29. Red2 Rdc1 30. h4 Kh7 31. a4 R1c4 32. a5 R8c6 33. Rab2 g5
34. hxg5 hxg5 35. Ne3 Re4 36. g4 Kg6 37. Rd6 Rc1 38. a6 bxa6 39. Rxa6 Kg7 40.
b5 Bc7 41. b6 Bb8 42. Ra8 Rc8 43. Kg3 Rxe5 44. Kg2 Re4 45. Rb5 Nf4+ 46. Kf1
Rc1+ 47. Ne1 Be5 48. b7 Bc3 49. Nf5+ Kf6 50. Ra6+ Ne6 51. Ne3 Rxe1+ 52. Kg2 Be5
53. Rxe5 Rxe5 54. b8=Q 1-0

[Event "HUN Team League Csongrad Region 2018-19 "]
[Site "Csongrád County"]
[Date "2019.03.17"]
[Round "8.3"]
[White "Puskas, Mihaly"]
[Black "Hodi, Adam"]
[Result "1-0"]
[WhiteElo "1346"]
[BlackElo "1206"]
[PlyCount "107"]
[EventDate "2018.09.30"]
[WhiteTeam "Maróczy Géza SE VI."]
[BlackTeam "Üllési ISE"]

1. e4 d5 2. exd5 Qxd5 3. Nc3 Qa5 4. Nf3 c6 5. d4 Qc7 6. Bc4 e6 7. Be3 Bb4 8.
O-O Bxc3 9. bxc3 Nf6 10. Qd2 b5 11. Bb3 Ba6 12. Rfe1 Nbd7 13. Bf4 Qb6 14. Bd6
O-O-O 15. a4 c5 16. Be7 Rde8 17. Bxf6 gxf6 18. axb5 Bxb5 19. d5 e5 20. c4 Ba6
21. Qa5 Kb7 22. Qxb6+ Nxb6 23. Re4 Nd7 24. Ba4 Rd8 25. Nd2 f5 26. Ree1 Rhe8 27.
Bc6+ Kc8 28. Rxa6 Nb8 29. Bxe8 Nxa6 30. Bxf7 Rf8 31. Be6+ Kd8 32. Rxe5 Re8 33.
Rxf5 Nc7 34. Rf6 Re7 35. h3 Ne8 36. Rf7 Ng7 37. Rxe7 Kxe7 38. Bg8 h6 39. Nb3
Kd6 40. Bh7 Ne8 41. Kh2 Kc7 42. Nxc5 Kb6 43. Nb3 a5 44. c3 a4 45. Nd2 a3 46.
Bb1 Kc5 47. Kg3 Nd6 48. Ba2 Nf7 49. Kf4 Nd6 50. Ke5 Nf7+ 51. Kf6 Nd6 52. Kg6 h5
53. Kxh5 Nf7 54. f4 1-0

[Event "HUN Team League Csongrad Region 2018-19 "]
[Site "Csongrád County"]
[Date "2019.03.17"]
[Round "8.4"]
[White "Megyaszai, Balazs"]
[Black "Csuri, Laszlo"]
[Result "1/2-1/2"]
[WhiteElo "1908"]
[BlackElo "2027"]
[PlyCount "61"]
[EventDate "2018.09.30"]
[WhiteTeam "Maróczy Géza SE V."]
[BlackTeam "Röszkei SK"]

1. e4 c5 2. Nf3 Nc6 3. d4 cxd4 4. Nxd4 Nf6 5. Nc3 e5 6. Ndb5 d6 7. Bg5 a6 8.
Na3 b5 9. Nd5 Be7 10. Bxf6 Bxf6 11. c3 Ne7 12. Nc2 Nxd5 13. Qxd5 Be6 14. Qc6+
Ke7 15. Ne3 Qd7 16. Qxd7+ Kxd7 17. h4 g6 18. g3 Rhc8 19. Bh3 Rab8 20. Kd2 Bd8
21. Rac1 Bb6 22. Nd5 Bxh3 23. Rxh3 Bd8 24. g4 a5 25. g5 Ke6 26. Rd3 Rc4 27. f3
Rbc8 28. b3 R4c6 29. Rh1 b4 30. c4 Ra6 31. Kc2 1/2-1/2

[Event "HUN Team League Csongrad Region 2018-19 "]
[Site "Csongrád County"]
[Date "2019.03.17"]
[Round "8.4"]
[White "Retkes, Sandor"]
[Black "Arato, Daniel"]
[Result "1-0"]
[WhiteElo "1942"]
[BlackElo "1732"]
[PlyCount "69"]
[EventDate "2018.09.30"]
[WhiteTeam "Röszkei SK"]
[BlackTeam "Maróczy Géza SE V."]

1. d4 d5 2. Bf4 c5 3. e3 Nc6 4. c3 e6 5. Nd2 Nf6 6. Bd3 Bd7 7. Ngf3 Rc8 8. Ne5
cxd4 9. exd4 Bd6 10. Nxf7 Kxf7 11. Bxd6 Re8 12. Nf3 Kg8 13. Qc2 Qb6 14. Bg3 Nb4
15. Qd2 Nxd3+ 16. Qxd3 Qxb2 17. O-O Qxc3 18. Qe2 a6 19. Qe5 Bb5 20. Rfe1 Ne4
21. Bf4 Qb2 22. Be3 Rc6 23. h4 Rf8 24. h5 h6 25. Reb1 Qa3 26. Nh4 Qd6 27. a4
Qxe5 28. dxe5 Be2 29. f3 Nc5 30. Bxc5 Rxc5 31. Rxb7 Rfc8 32. Ng6 R5c7 33. Rab1
Kf7 34. Rxc7+ Rxc7 35. Rb8 1-0

[Event "HUN Team League Csongrad Region 2018-19 "]
[Site "Csongrád County"]
[Date "2019.03.17"]
[Round "8.4"]
[White "Kocsmar, Akos"]
[Black "Nagy Dani, Karoly"]
[Result "1-0"]
[WhiteElo "1761"]
[BlackElo "1813"]
[PlyCount "77"]
[EventDate "2018.09.30"]
[WhiteTeam "Maróczy Géza SE V."]
[BlackTeam "Röszkei SK"]

1. d4 d5 2. c4 e6 3. Nf3 Nf6 4. Nc3 c6 5. e3 Nbd7 6. Bd3 dxc4 7. Bxc4 Nd5 8.
O-O N7f6 9. Re1 b5 10. Bd3 Be7 11. Ne5 Qb6 12. a4 Nxc3 13. bxc3 Bb7 14. Qb3 a6
15. c4 Qa5 16. Bb2 b4 17. c5 Rb8 18. Nc4 Qc7 19. Qxb4 Bc8 20. Qd2 O-O 21. Bc3
Bd8 22. Reb1 Nd5 23. Ba5 Rxb1+ 24. Rxb1 Qe7 25. Nd6 Bxa5 26. Qxa5 Qg5 27. Bxa6
Bxa6 28. Qxa6 Nc3 29. Rc1 Nd5 30. Qd3 e5 31. Rb1 exd4 32. Qxd4 Qg6 33. Qb2 Nc3
34. Ra1 Qd3 35. h3 h6 36. a5 Nb5 37. a6 Nxd6 38. a7 Ra8 39. Qb8+ 1-0

[Event "HUN Team League Csongrad Region 2018-19 "]
[Site "Csongrád County"]
[Date "2019.03.17"]
[Round "8.4"]
[White "Tanacs, Jozsef"]
[Black "Bartos, Ferenc"]
[Result "0-1"]
[WhiteElo "1351"]
[BlackElo "1742"]
[PlyCount "48"]
[EventDate "2018.09.30"]
[WhiteTeam "Maróczy Géza SE V."]
[BlackTeam "Röszkei SK"]

1. d4 f5 2. c4 e6 3. Nc3 Nf6 4. Bg5 Be7 5. Nf3 d6 6. e3 O-O 7. Be2 Qe8 8. O-O
Bd8 9. Nd2 e5 10. dxe5 dxe5 11. Re1 c6 12. b4 Qg6 13. Bxf6 Bxf6 14. e4 f4 15.
Bh5 Qg5 16. Bf3 Be7 17. Qb3 Bh3 18. Kh1 Be6 19. g3 fxg3 20. Ncb1 gxf2 21. Rf1
Qh4 22. Qe3 Bxb4 23. Rxf2 Nd7 24. Na3 Bc5 0-1

[Event "HUN Team League Csongrad Region 2018-19 "]
[Site "Csongrád County"]
[Date "2019.03.17"]
[Round "8.4"]
[White "Sipos, Kalman"]
[Black "Vajna, Zsolt"]
[Result "1-0"]
[WhiteElo "1686"]
[BlackElo "1324"]
[PlyCount "71"]
[EventDate "2018.09.30"]
[WhiteTeam "Röszkei SK"]
[BlackTeam "Maróczy Géza SE V."]

1. e4 c5 2. c3 Nc6 3. d4 cxd4 4. cxd4 e6 5. Nf3 Qc7 6. Be2 Nf6 7. Nc3 Be7 8.
O-O d6 9. a3 Bd7 10. h3 O-O-O 11. Be3 Kb8 12. Rc1 d5 13. e5 Ne4 14. Nd2 f5 15.
Ndxe4 fxe4 16. f3 exf3 17. Rxf3 Rdf8 18. b4 Rxf3 19. Bxf3 Qd8 20. Qd2 Rf8 21.
Nd1 Rf5 22. Bg4 Rf7 23. Nf2 Qf8 24. Nd3 b6 25. Nf4 g6 26. Bxe6 Bxe6 27. Nxe6
Qe8 28. Nf4 Rxf4 29. Bxf4 Kb7 30. Qc3 g5 31. Be3 a6 32. Qb3 Qd7 33. Rf1 Qe6 34.
Qd3 g4 35. Qxh7 gxh3 36. Qxh3 1-0

[Event "HUN Team League Csongrad Region 2018-19 "]
[Site "Csongrád County"]
[Date "2019.03.17"]
[Round "8.4"]
[White "Korosi, Zsombor"]
[Black "Abraham, Lajos"]
[Result "0-1"]
[WhiteElo "1124"]
[BlackElo "1653"]
[PlyCount "114"]
[EventDate "2018.09.30"]
[WhiteTeam "Maróczy Géza SE V."]
[BlackTeam "Röszkei SK"]

1. e4 c5 2. g3 d5 3. Bg2 dxe4 4. Bxe4 Nf6 5. Bg2 Qd6 6. Nc3 a6 7. d3 e5 8. Be3
Ng4 9. Qd2 Nxe3 10. Qxe3 Be7 11. Nf3 Nc6 12. O-O O-O 13. Rfe1 f6 14. Nd2 Be6
15. Rad1 Rab8 16. Nc4 Qc7 17. Ne4 Nd4 18. Rd2 b5 19. Na3 c4 20. c3 Nf5 21. Qe2
cxd3 22. Rxd3 Bxa3 23. bxa3 Bc4 24. Bh3 Bxd3 25. Qxd3 Rbd8 26. Qc2 Nd6 27. Nxd6
Qxd6 28. Bf5 Kh8 29. Bxh7 Qd2 30. Kf1 Qxc2 31. Bxc2 Rc8 32. Re4 Rc4 33. Rxc4
bxc4 34. Be4 Rd8 35. Ke1 Kg8 36. a4 a5 37. f3 Kf7 38. h4 g6 39. g4 Kg7 40. Ke2
Rd6 41. Ke1 Rb6 42. Bd5 Rb1+ 43. Ke2 Rb2+ 44. Kd1 Rxa2 45. Bc6 Rh2 46. Bb5 Rxh4
47. Bxc4 f5 48. Be6 Kf6 49. Bd7 Ke7 50. gxf5 Kxd7 51. fxg6 Rh1+ 52. Kd2 Rg1 53.
Ke3 Rxg6 54. Ke4 Ke6 55. c4 Rf6 56. c5 Rf4+ 57. Ke3 Rxa4 0-1

[Event "HUN Team League Csongrad Region 2018-19 "]
[Site "Csongrád County"]
[Date "2019.03.17"]
[Round "8.4"]
[White "Nagy, Zeteny"]
[Black "Dernovics, Aron"]
[Result "1-0"]
[WhiteElo "1257"]
[BlackElo "1419"]
[PlyCount "67"]
[EventDate "2018.09.30"]
[WhiteTeam "Röszkei SK"]
[BlackTeam "Maróczy Géza SE V."]

1. d4 d5 2. e4 dxe4 3. Nc3 Bf5 4. f3 exf3 5. Nxf3 Bg4 6. h3 Bxf3 7. Qxf3 Qxd4
8. Qxb7 Qh4+ 9. Kd1 Qd4+ 10. Bd2 Qd8 11. Qxa8 a6 12. Bxa6 Nxa6 13. Qxa6 Nf6 14.
Qa4+ Nd7 15. Nb5 e6 16. Nc3 Bc5 17. Ne4 Bb6 18. c4 O-O 19. Rc1 Bd4 20. Rc2 Ne5
21. Qb3 Qa8 22. Re1 f5 23. Nc5 Rb8 24. Qa3 Qxg2 25. Bc3 Qf3+ 26. Kc1 Bxc5 27.
Qa5 Nd3+ 28. Kb1 Nxe1 29. Bxe1 Bb6 30. Qe5 Qc6 31. Bc3 Qd7 32. Rd2 Qf7 33. Rg2
g6 34. Qh8# 1-0

[Event "HUN Team League Csongrad Region 2018-19 "]
[Site "Csongrád County"]
[Date "2019.03.17"]
[Round "8.5"]
[White "Koszta, Benedek"]
[Black "Volosin, Vladimir"]
[Result "1/2-1/2"]
[WhiteElo "2005"]
[BlackElo "2201"]
[PlyCount "34"]
[EventDate "2018.09.30"]
[WhiteTeam "Maróczy Géza SE IV."]
[BlackTeam "Szentesi Sakk SE II."]

1. e4 c6 2. d4 d5 3. exd5 cxd5 4. Bd3 Nc6 5. c3 Nf6 6. Bf4 Bg4 7. f3 Bh5 8. Ne2
e6 9. O-O Bd6 10. Bxd6 Qxd6 11. Ng3 Bg6 12. f4 Bxd3 13. Qxd3 O-O 14. Nd2 Rab8
15. Rae1 b5 16. Nf3 b4 17. f5 bxc3 1/2-1/2

[Event "HUN Team League Csongrad Region 2018-19 "]
[Site "Csongrád County"]
[Date "2019.03.17"]
[Round "8.5"]
[White "Nagy, Jozsef"]
[Black "Borus, Andras"]
[Result "1/2-1/2"]
[WhiteElo "1932"]
[BlackElo "2014"]
[PlyCount "44"]
[EventDate "2018.09.30"]
[WhiteTeam "Szentesi Sakk SE II."]
[BlackTeam "Maróczy Géza SE IV."]

1. d4 Nf6 2. c4 g6 3. Nf3 Bg7 4. Nc3 d6 5. g3 Nbd7 6. Bg2 O-O 7. O-O e5 8. dxe5
dxe5 9. e4 c6 10. Qc2 Qe7 11. b3 Re8 12. Bb2 Nf8 13. Rad1 N6d7 14. Nd2 Ne6 15.
Ne2 Ndc5 16. b4 Nd7 17. a3 a5 18. c5 b5 19. Nb3 axb4 20. axb4 Ra4 21. Bc3 Nb8
22. Ra1 Rxa1 1/2-1/2